000 00688nam a22002177a 4500
005 20170124110245.0
010 _aB-209663
020 _c1000.00
_a8186623760
035 _aB-209663
037 _bCen Lib/Ret
040 _aDPL
_bEN
082 _a664.06
_bFOO
110 _aDelhi.National Institute of Industrial Research
_997355
245 _aFood colours, flavours and additives technology hand book /
260 _aDelhi
_bNational Institute of Industrial Research
270 _bDelhi
_a106-E, Kamla Nagar
_e110007
300 _aiii,589p.
_c20cm(pbk)
650 _aColor of food.
_997356
650 _aFood additives.
_933167
942 _2ddc
_cEN
_h664.06
_mFOO
999 _c135482
_d135482